Non-international armed conflicts in international law / (Record no. 590453)

000 -LEADER
fixed length control field 03327cam a22004218i 4500
001 - CONTROL NUMBER
control field 21679992
005 - DATE AND TIME OF LATEST TRANSACTION
control field 20220721110854.0
008 - FIXED-LENGTH DATA ELEMENTS--GENERAL INFORMATION
fixed length control field 200819s2021 enk b 001 0 eng
010 ## - LIBRARY OF CONGRESS CONTROL NUMBER
LC control number 2020037951
020 ## - INTERNATIONAL STANDARD BOOK NUMBER
International Standard Book Number 9781108836180
Qualifying information (hardback)
020 ## - INTERNATIONAL STANDARD BOOK NUMBER
International Standard Book Number 9781108799447
Qualifying information (paperback)
020 ## - INTERNATIONAL STANDARD BOOK NUMBER
Canceled/invalid ISBN 9781108864091
Qualifying information (epub)
040 ## - CATALOGING SOURCE
Original cataloging agency DLC
Language of cataloging eng
Description conventions rda
Transcribing agency DLC
042 ## - AUTHENTICATION CODE
Authentication code pcc
050 00 - LIBRARY OF CONGRESS CALL NUMBER
Classification number KZ6355
Item number .D56 2021
082 00 - DEWEY DECIMAL CLASSIFICATION NUMBER
Classification number 341.6
Author Mark DIN
100 1# - MAIN ENTRY--PERSONAL NAME
Personal name Dinstein, Yoram,
Relator term author.
9 (RLIN) 94300
245 10 - TITLE STATEMENT
Title Non-international armed conflicts in international law /
Statement of responsibility, etc. Yoram Dinstein, Tel-Aviv University.
250 ## - EDITION STATEMENT
Edition statement Second edition.
263 ## - PROJECTED PUBLICATION DATE
Projected publication date 2012
264 #1 - PRODUCTION, PUBLICATION, DISTRIBUTION, MANUFACTURE, AND COPYRIGHT NOTICE
Place of production, publication, distribution, manufacture Cambridge, United Kingdom ;
-- New York, NY :
Name of producer, publisher, distributor, manufacturer Cambridge University Press,
Date of production, publication, distribution, manufacture, or copyright notice 2021.
300 ## - PHYSICAL DESCRIPTION
Extent pages cm
336 ## - CONTENT TYPE
Content type term text
Content type code txt
Source rdacontent
337 ## - MEDIA TYPE
Media type term unmediated
Media type code n
Source rdamedia
338 ## - CARRIER TYPE
Carrier type term volume
Carrier type code nc
Source rdacarrier
504 ## - BIBLIOGRAPHY, ETC. NOTE
Bibliography, etc. note Includes bibliographical references and index.
505 0# - FORMATTED CONTENTS NOTE
Formatted contents note The framework -- The preconditions of a NIAC -- Thresholds and interaction of armed conflicts -- Fighters, civilians and LONIAC -- Foreign intervention in a NIAC -- Recognition -- State responsibility -- The principal LONIAC treaty provisions -- Additional treaty texts -- NIAC war crimes -- LONIAC customary international law -- LONIAC and human rights law -- Conclusions.
520 ## - SUMMARY, ETC.
Summary, etc. "Due to their preponderance and intensity, non-international armed conflicts are currently very much in the public mind: often, more so than international armed conflicts. The present volume serves as a comprehensive introduction to the international legal regime of non-international armed conflicts, proceeding strictly in light of what the contemporary law is (as distinct from what the present author or anybody else would like it to be). Non-international armed conflicts raise a raft of issues that need to be addressed, including in particular their preconditions, thresholds, diverse forms and configurations; the discordant perspectives of the international and domestic legal systems; as well as the application of treaty and customary law to non-State actors. In addition, it is necessary to examine the consequences of intervention by foreign States; the role of the Security Council; the effects of recognition; State responsibility for wrongdoing to the installations, diplomats or nationals of foreign States, etc. The interface between the law of international and non-international armed conflicts is a matter of crucial concern. There are also numerous specific problems, ranging from the complexities of "failing States" to the recruitment and use of child-soldiers"--
Assigning source Provided by publisher.
650 #0 - SUBJECT ADDED ENTRY--TOPICAL TERM
Topical term or geographic name entry element War (International law)
650 #0 - SUBJECT ADDED ENTRY--TOPICAL TERM
Topical term or geographic name entry element Intervention (International law)
9 (RLIN) 38056
650 #0 - SUBJECT ADDED ENTRY--TOPICAL TERM
Topical term or geographic name entry element War victims
General subdivision Legal status, laws, etc.
650 #0 - SUBJECT ADDED ENTRY--TOPICAL TERM
Topical term or geographic name entry element War crimes.
9 (RLIN) 94080
650 #0 - SUBJECT ADDED ENTRY--TOPICAL TERM
Topical term or geographic name entry element War.
776 08 - ADDITIONAL PHYSICAL FORM ENTRY
Relationship information Online version:
Main entry heading Dinstein, Yoram.
Title Non-international armed conflicts in international law
Edition Second edition.
Place, publisher, and date of publication Cambridge, United Kingdom ; New York, NY : Cambridge University Press, 2021
International Standard Book Number 9781108864091
Record control number (DLC) 2020037952
906 ## - LOCAL DATA ELEMENT F, LDF (RLIN)
a 7
b cbc
c orignew
d 1
e ecip
f 20
g y-gencatlg
942 ## - ADDED ENTRY ELEMENTS (KOHA)
Source of classification or shelving scheme
Koha item type Book
Holdings
Withdrawn status Lost status Source of classification or shelving scheme Damaged status Not for loan Permanent Location Current Location Shelving location Date acquired Source of acquisition Total Checkouts Full call number Barcode Checked out Date last seen Date last checked out Price effective from Koha item type
          NUST Law School (NLS) NUST Law School (NLS) Law 07/21/2022 Allied Booka 1 341.6 DIN CL-1084 03/27/2026 02/25/2026 02/25/2026 07/21/2022 Book
© 2023 Central Library, National University of Sciences and Technology. All Rights Reserved.